Statistics for Randomly generated droids classes

Click here to take the quiz!

General Stats

  • This quiz has been taken 52 times
  • The average score is 12 of 15

Answer Stats

HintClass% Correct
You start with this classbrawler
100%
This class is freesurvivor
97%
Relies on luckgambler
94%
Can spawn anti droidsengineer
89%
Mainly uses ranged weaponsranger
89%
Focuses on walkspeedninja
86%
Needs to know potion recipesalchemist
83%
Has a chess piece as its icontactician
83%
Uses spells to killwizard
83%
Kills friendly droids alotcultist
81%
Spawns with a golden shieldpaladin
81%
Uses elementselementalist
75%
Spawns with alpha badgealpha
67%
Spawns with beta badgebeta
67%
Unlocks after beating ascension 15trascendent
6%

Score Distribution

Percentile by Number Answered

Percent of People with Each Score

Your Score History

You have not taken this quiz